000 00915nam a22002657a 4500
999 _c12176
_d12176
003 AR-CdUCM
008 190408b ||||| |||| 00| 0 spa d
040 _aMUNICIPALIDAD PROVINCIAL DEL CUSCO
_cBIBLIOTECA MUNICIPAL DEL CUSCO
082 _a985.21 /
_bL732 / 1963
110 _aConcejo Provincial de Lima
_99155
245 _aLibros de cabildos de Lima /
260 _aLima :
_bConcejo Provincial de Lima,
_c1963.
300 _aTomos ;
_c31 cm.
500 _aAntes del Titulo: "IV Centenario de la fundación de la ciudad"
505 _aContenido: t.20: Años 1625-1627. t.21: 1628-1630. t.22: 1631-1633. t.23: 1634-1639.
650 _aPerú
_935
650 _aCabildos
_95645
650 _aLima
_9231
650 _aHistoria
_9136
650 _a1625-1639
_929899
650 _aSiglo XVII
_92242
700 _aBronley, Juan (Descifrado y Anotado)
_929900
942 _2ddc
_cLIBROS
945 _acmm
_d2019-04-08